Birthday Cake - Dylan Conrique (All Lyrics) - Statistics

General Stats
  • This quiz has been taken 61 times
  • The average score is 247 of 294
Answer Stats
Answer % Correct
I
97%
the
97%
You
97%
you
97%
a
94%
birthday
94%
cake
94%
she
94%
She
94%
to
94%
do
91%
in
91%
it
91%
like
91%
Like
91%
love
91%
on
91%
when
91%
When
91%
your
91%
always
88%
don't
88%
fire
88%
live
88%
mad
88%
made
88%
say
88%
Want
88%
Win
88%
break
85%
but
85%
But
85%
hard
85%
know
85%
news
85%
were
85%
what
85%
world's
85%
called
82%
hearts
82%
her
82%
joking
82%
kidding
82%
look
82%
she'd
82%
think
82%
thought
82%
with
82%
would
82%
all
79%
All
79%
back
79%
It's
79%
make
79%
Never
79%
still
79%
time
79%
48
76%
And
76%
and
76%
for
76%
poison
76%
walk
76%
down
74%
mirror
74%
pictures
74%
They
74%
believe
71%
breathing
71%
can
71%
side
71%
hell
68%
inside
68%
miss
68%
reason
68%
stopped
68%
brings
65%
happens
65%
how
65%
living
65%
only
65%
same
65%
walls
65%
wire
65%
everything
62%
held
62%
just
62%
makes
62%
nothing
62%
Cause
59%
Does
59%
kept
59%
them
59%
there
59%
store
56%
was
56%
into
53%
loved
53%
more
53%
see
53%
went
53%
match
50%
missed
50%
moon
50%
remember
47%
or
44%
lose
41%
Looks
38%
oh
38%
No matching quizzes found
Score Distribution
Percent of People with Each Score
Percentile by Number Answered
Your Score History
You have not taken this quiz